|
|
|
|
| LEADER |
02262nam a2200625 i 4500 |
| 001 |
nkc20193125068 |
| 003 |
CZ PrNK |
| 005 |
20191005192356.0 |
| 007 |
ta |
| 008 |
190829s2019 xr aeh e f 000 0 cze |
| 015 |
|
|
|a cnb003125068
|
| 020 |
|
|
|a 978-80-88283-21-8
|q (brožováno)
|
| 035 |
|
|
|a (OCoLC)1122794509
|
| 040 |
|
|
|a OLA001
|b cze
|e rda
|
| 043 |
|
|
|a e-xr---
|b e-xr-st
|2 czenas
|
| 072 |
|
7 |
|a 72
|x Architektura
|2 Konspekt
|9 21
|
| 080 |
|
|
|a 728.82
|2 MRF
|
| 080 |
|
|
|a 728.82.012.8
|2 MRF
|
| 080 |
|
|
|a 72/76.05
|2 MRF
|
| 080 |
|
|
|a (437.312)
|2 MRF
|
| 080 |
|
|
|a (036)
|2 MRF
|
| 080 |
|
|
|a (084.11)
|2 MRF
|
| 100 |
1 |
|
|a Vlček, Pavel,
|d 1948-
|7 jn19990209995
|4 aut
|4 ill
|4 pht
|
| 245 |
1 |
0 |
|a Zámek Kačina
|
| 264 |
|
1 |
|a Praha :
|b Ústav dějin umění AV ČR, v.v.i. v nakladatelství Artefactum,
|c 2019
|
| 300 |
|
|
|a 95 stran :
|b ilustrace (některé barevné), plány, faksimile ;
|c 15 cm
|
| 336 |
|
|
|a text
|b txt
|2 rdacontent
|
| 337 |
|
|
|a bez média
|b n
|2 rdamedia
|
| 338 |
|
|
|a svazek
|b nc
|2 rdacarrier
|
| 490 |
1 |
|
|a Monumenta Bohemiae et Moraviae ;
|v 5
|
| 500 |
|
|
|a Název z obálky
|
| 500 |
|
|
|a Text, fotografie, kresby: Pavel Vlček
|
| 500 |
|
|
|a 400 výtisků
|
| 504 |
|
|
|a Obsahuje bibliografii
|
| 610 |
2 |
7 |
|a Kačina (zámek)
|7 olak2003164598
|2 czenas
|
| 650 |
0 |
7 |
|a zámky
|7 ph127734
|z Česko
|2 czenas
|
| 650 |
0 |
7 |
|a zámecké interiéry
|7 ph203865
|z Česko
|2 czenas
|
| 650 |
0 |
7 |
|a umělecká výzdoba
|7 ph136757
|z Česko
|2 czenas
|
| 650 |
0 |
9 |
|a chateaux
|z Czechia
|2 eczenas
|
| 650 |
0 |
9 |
|a chateau interiors
|z Czechia
|2 eczenas
|
| 650 |
0 |
9 |
|a artistic decoration
|z Czechia
|2 eczenas
|
| 651 |
|
7 |
|a Kutná Hora (Česko : oblast)
|7 ge129718
|2 czenas
|
| 651 |
|
9 |
|a Kutná Hora Region (Czechia)
|2 eczenas
|
| 655 |
|
7 |
|a informační publikace
|7 fd132454
|2 czenas
|
| 655 |
|
7 |
|a obrazové publikace
|7 fd132947
|2 czenas
|
| 655 |
|
9 |
|a information publications
|2 eczenas
|
| 655 |
|
9 |
|a pictorial works
|2 eczenas
|
| 710 |
2 |
|
|a Ústav dějin umění (Akademie věd ČR)
|7 kn20010709009
|4 isb
|
| 830 |
|
0 |
|a Monumenta Bohemiae et Moraviae
|0 s
|
| 910 |
2 |
|
|a BOA001
|b S-1434.017
|
| 928 |
9 |
|
|a Artefactum
|
| 990 |
|
|
|a BK
|
| 995 |
|
|
|a 01
|
| 991 |
|
|
|b 201909
|c NOV
|
| 996 |
6 |
|
|b 2610793111
|c S-1434.017
|l MZK
|r Sklad / do 24 hodin
|n 5
|p p.v.
|w 001752035
|u 000010
|a 1
|e BOA001
|j MZK50
|s P
|